| 000 | 00769nam a2200229 a 4500 | ||
|---|---|---|---|
| 001 | 3260 | ||
| 003 | CDMR | ||
| 005 | 20131128112201.0 | ||
| 008 | 130130s1995||||||||||||||||||||||||||||d | ||
| 040 |
_aCDMR _bcat _cCPC GIRONA |
||
| 100 | 1 |
_aEstadella Yuste, Olga _92360 |
|
| 245 | 1 | 0 |
_aProtección de la intimidad frente a la transmisión internacional de datos personales _cOlga Estadella Yuste |
| 260 |
_aMadrid _bTecnos _c1995 |
||
| 300 | _a159 p. | ||
| 490 | 0 | _aPráctica Jurídica (Tecnos) | |
| 586 | _aPremi a la Investigació sobre Comunicació de Masses, 1994 | ||
| 650 | 0 | 4 |
_9709 _aDret a la intimitat |
| 650 | 0 | 4 |
_93998 _aProtecció de dades |
| 650 | 0 | 4 |
_93588 _aDret internacional |
| 710 | 1 |
_9304 _aCentre d'Investigació de la Comunicació |
|
| 942 |
_cMON _2udc |
||
| 999 |
_c3260 _d3260 |
||